000 00838cab a2200229 4500
001 L135864
008 061213n2006 000 0 eng u
035 _a(Sirsi) u135864
041 0 _aeng
100 1 _aShepherd, Mark
245 0 0 _aSpecial report
_bplanning
260 _c2006
490 0 _aProperty Week
_v71(48) 01 December 2006, 137-145(6)
520 _aA special report on the UK planning system. Includes a profile of economist Kate Barker published prior to the week in which the government publishes her report on the planning system. Report on how climate change will shape future UK planning policy.
590 _aKA
650 2 4 _aBARKER REVIEW OF LAND USE PLANNING
651 4 _aUnited Kingdom
_y
690 _aPlanning and development
_96259
700 1 _aMorrison, Doug
700 1 _aWatson, Stuart
942 _n0
999 _c78048
_d78048